000 00278nam a22001217a 4500
040 _cSY
082 _a839
100 _aKOL TOUCH; គល់ ទូច
245 _aដី និង ព្រៃកម្ពុជា
260 _aRUA
_bKOL
_c1995
300 _a152p.
942 _cKB
999 _c9160
_d9160